| 000 | 00649cam a22002293a 4500 | ||
|---|---|---|---|
| 001 | 325 | ||
| 003 | PGUSA | ||
| 005 | 20140828082946.0 | ||
| 008 | 080711s2008||||xxu|||||s|||||000 1 eng d | ||
| 040 |
_aPGUSA _beng |
||
| 042 | _adc | ||
| 050 | 4 | _aPR | |
| 100 | 1 |
_aMacDonald, George, _d1824-1905 |
|
| 245 | 1 | 0 |
_aPhantastes : _bA Faerie Romance for Men and Women _h[electronic resource] / _cGeorge MacDonald |
| 260 |
_bProject Gutenberg, _c2008 |
||
| 506 | _aPublic domain in the USA. | ||
| 516 | _aElectronic text | ||
| 653 | _aFantasy fiction | ||
| 830 | 0 |
_aProject Gutenberg _v325 |
|
| 856 | 4 | 0 | _uhttp://www.gutenberg.org/ebooks/325 |
| 942 | _cEB | ||
| 999 |
_c229676 _d229676 |
||